000 00425nam a22001577a 4500
005 20251108164149.0
008 250721s1997 xx 000 0 ara d
082 1 4 _aق/مين
100 1 _aمينا، حنا
245 1 0 _aنهاية رجل شجاع :
_bرواية /
264 1 _aبيروت :
_bدار الآداب،
_c1997.
300 _a407ص
650 1 7 _aالقصص العربية
942 _2ddc
_cBK
999 _c5224
_d5224